000 00385nam a2200169Ia 4500
008 170705s9999 xx 000 0 und d
020 _a9780545487924
245 _aHome for Christmas /
245 _cJan Brett.
260 _aNew York :
260 _bScholastic,
260 _c2011
300 _aunpaged :
300 _bcolor illustration ;
300 _c25cm.
500 _a780
999 _c336290
_d336290